Sledovanie odpovede bunkových línií akútnej myeloidnej leukémie na terapeutiká využívané v liečbe hematoonkologických ochorení
Enregistré dans:
| Auteur principal: | |
|---|---|
| Autres auteurs: | |
| Format: | Manuscrit Livre |
| Langue: | slovaque |
| Publié: |
2019
|
| Sujets: | |
| Accès en ligne: | http://is.stuba.sk/zp/portal_zp.pl?podrobnosti=135662 |
| Tags: |
Pas de tags, Soyez le premier à ajouter un tag!
|
MARC
| LEADER | 00000ntm a22000003a 4500 | ||
|---|---|---|---|
| 001 | stuzp73912 | ||
| 003 | SK-STU | ||
| 005 | 20190622211428.2 | ||
| 007 | ta | ||
| 008 | 150427s2015----xo-----f-mn---000-0-slo-d | ||
| 040 | |a STU |b slo | ||
| 041 | 0 | |a slo | |
| 100 | 1 | |a Hucsková, Zuzana |u 043000 |4 aut |U FCHPT Fakulta chemickej a potravinárskej technológie |T FCHPT Ústav biochémie a mikrobiológie |X 86647 |U C3000 |Y 101 |7 86647 | |
| 242 | 0 | 1 | |a Monitoring the response of acute myeloid leukemia cell lines to therapeutic agents used in treatment of haematooncological diseases |y eng |
| 245 | 1 | 0 | |a Sledovanie odpovede bunkových línií akútnej myeloidnej leukémie na terapeutiká využívané v liečbe hematoonkologických ochorení |
| 260 | |c 2019 | ||
| 650 | 4 | |a akútna myeloidná leukémia |2 slo | |
| 650 | 4 | |a vrinostat |2 slo | |
| 650 | 4 | |a bortezomib |2 slo | |
| 650 | 4 | |a acute myeloid leukemia |2 eng | |
| 650 | 4 | |a vorinostat |2 eng | |
| 650 | 4 | |a bortezomib |2 eng | |
| 700 | 1 | |a Messingerová, Lucia |u 043000 |k Z2 |4 ths |U FCHPT Fakulta chemickej a potravinárskej technológie |T FCHPT Ústav biochémie a mikrobiológie |X 8245 |U C3000 |Y 101 |7 8245 | |
| 856 | 4 | |u http://is.stuba.sk/zp/portal_zp.pl?podrobnosti=135662 | |